Statistics for Football by Letter - C

Click here to take the quiz!

General Stats

  • This quiz has been taken 80 times
  • The average score is 12 of 15

Answer Stats

HintAnswer% Correct
Despite a manager change, this West London club still managed to beat Manchester City 1-0 in the 20/21 Champions League FinalChelsea
99%
The highest tier of European League organised by UEFAUEFA {Champions} League
97%
One of the best footballer ever, Real Madrid and Manchester United legend{Cristiano} Ronaldo
96%
Former French football player who played for Manchester United, now he is an actor of some sortEric {Cantona}
93%
This Brazilian left back is famous for his rocket free kick against France in 1997Roberto {Carlos}
93%
A Scottish rivalry nicknamed the Old Firm{Celtic} v Rangers
91%
One of the greatest keeper in the Premier League, kept 202 clean sheets and made over 1000 saves in his 15 season in the PremPetr {Čech}
90%
The Ajax stadium is named after this Dutch legendJohan {Cruyff}
88%
Country where Pavel Nedvěd is fromCzech Republic
87%
The German city that 1. FC Köln in based inCologne
85%
The third tier of European League organised by UEFAUEFA Europa {Conference} League
81%
The only country to have Champions League winning players for every season since 2013Croatia
72%
This Central American nation's highest ever World Cup finish is the Round of 16 in 1990Costa Rica
62%
Football in ItalianCalcio
46%
Another name for middle centre back/sweeperCentre half
19%

Score Distribution

Percentile by Number Answered

Percent of People with Each Score

Your Score History

You have not taken this quiz